[Event "Bad Woerishofen op 38th"]
[Site "Bad Woerishofen"]
[Date "2023.03.10"]
[Round "8"]
[White "De Francesco, Klaus"]
[Black "Kroencke, Manfred"]
[Result "0-1"]
[WhiteElo "2220"]
[BlackElo "1968"]
[PlyCount "74"]
[EventDate "2023.03.03"]
[EventType "swiss"]
[EventRounds "9"]
[EventCountry "GER"]
[SourceTitle "CBM 213 Extra"]
[Source "ChessBase"]
[SourceDate "2023.05.31"]
[SourceVersion "1"]
[SourceVersionDate "2023.05.31"]
[SourceQuality "1"]

1. d4 d5 2. Bf4 Nf6 3. e3 c6 4. c4 Bf5 5. Nc3 e6 6. Qb3 Qb6 7. c5 Qxb3 8. axb3 Nbd7 9. b4 Be7 10. b5 e5 11. Bg3 0-0 12. Nf3 e4 13. Nd2 Nh5 14. Be2 Nxg3 15. hxg3 Be6 16. b4 Nf6 17. 0-0 cxb5 18. Nxb5 a6 19. Nc3 Bd7 20. Ra2 Bc6 21. Rfa1 Rab8 22. b5 axb5 23. Bxb5 Rfc8 24. Ra7 Bd8 25. Nb3 g6 26. R1a3 Kg7 27. Na1 b6 28. Bxc6 Rxc6 29. R3a6 Rcc8 30. g4 bxc5 31. g5 Ng4 32. f3 Nxe3 33. fxe4 cxd4 34. Nxd5 Bxg5 35. Nc7 Kg8 36. Rd6 Rxc7 37. Rxc7 Bf4 0-1

[Event "Erfurt ST op 27th"]
[Site "Erfurt"]
[Date "2017.12.27"]
[Round "2"]
[White "Kroencke, Manfred"]
[Black "Weidlich, Guenter"]
[Result "1/2-1/2"]
[WhiteElo "1994"]
[BlackElo "2173"]
[PlyCount "34"]
[EventDate "2017.12.26"]
[EventType "swiss"]
[EventRounds "5"]
[EventCountry "GER"]
[SourceTitle "CBM 182 Extra"]
[Source "ChessBase"]
[SourceDate "2018.02.23"]
[SourceVersion "1"]
[SourceVersionDate "2018.02.23"]
[SourceQuality "1"]

1. e4 c5 2. Nf3 d6 3. Bb5+ Nd7 4. 0-0 Ngf6 5. Re1 a6 6. Bxd7+ Bxd7 7. e5 dxe5 8. Nxe5 Be6 9. d3 g6 10. Nd2 Bg7 11. Ndf3 0-0 12. h3 Bd5 13. c4 Bxf3 14. Qxf3 Nd7 15. Ng4 h5 16. Nh6+ Kh7 17. Nxf7 Ne5 1/2-1/2

[Event "Berlin Spandau op 2nd"]
[Site "Berlin"]
[Date "2016.12.29"]
[Round "6"]
[White "Koop, Soeren"]
[Black "Kroencke, Manfred"]
[Result "1/2-1/2"]
[WhiteElo "2086"]
[BlackElo "2024"]
[PlyCount "65"]
[EventDate "2016.12.27"]
[EventType "swiss"]
[EventRounds "7"]
[EventCountry "GER"]
[SourceTitle "CBM 176 Extra"]
[Source "ChessBase"]
[SourceDate "2017.03.02"]
[SourceVersion "1"]
[SourceVersionDate "2017.03.02"]
[SourceQuality "1"]

1. e4 c5 2. Nf3 e6 3. d4 cxd4 4. Nxd4 Nc6 5. Nc3 Qc7 6. Be2 a6 7. 0-0 Nf6 8. a3 Nxd4 9. Qxd4 Bc5 10. Qd3 0-0 11. Be3 b5 12. Bxc5 Qxc5 13. Bf3 Bb7 14. Rad1 Rfd8 15. Qd6 Qg5 16. Rd3 Ne8 17. Qb6 Rab8 18. Qa7 Qe5 19. Rfd1 Qc7 20. Rxd7 Rxd7 21. Rxd7 Qxd7 22. Qxb8 Kf8 23. Qf4 Qd4 24. Qe3 Qxe3 25. fxe3 e5 26. a4 bxa4 27. Nxa4 Bc6 28. Nc5 a5 29. Be2 Ke7 30. Bd3 a4 31. Kf2 Nc7 32. Bc4 Kd6 33. Nd3 1/2-1/2

[Event "Goch op 27th"]
[Site "Goch"]
[Date "2016.09.04"]
[Round "7"]
[White "Kroencke, Manfred"]
[Black "Van Foreest, Machteld"]
[Result "1/2-1/2"]
[WhiteElo "2023"]
[BlackElo "1661"]
[PlyCount "94"]
[EventDate "2016.09.01"]
[EventType "swiss"]
[EventRounds "7"]
[EventCountry "GER"]
[SourceTitle "EXT 2018"]
[Source "ChessBase"]
[SourceDate "2017.10.13"]
[SourceVersion "1"]
[SourceVersionDate "2017.10.13"]
[SourceQuality "1"]

1. e4 e5 2. Nf3 Nc6 3. Nc3 Nf6 4. Bb5 d6 5. d4 exd4 6. Qxd4 Bd7 7. Bxc6 Bxc6 8. 0-0 Be7 9. Re1 0-0 10. Bg5 Re8 11. Rad1 Nd7 12. Bxe7 Qxe7 13. Nd5 Bxd5 14. exd5 Ne5 15. Nxe5 dxe5 16. Qe4 Rad8 17. Re3 c6 18. Red3 cxd5 19. Rxd5 Rxd5 20. Qxd5 Qb4 21. Qd7 Rf8 22. b3 Qc3 23. Qd2 Qxd2 24. Rxd2 Rc8 25. c4 Kf8 26. Rd5 Re8 27. Kf1 f6 28. Ke2 Ke7 29. Ke3 Ke6 30. g4 g6 31. f4 exf4+ 32. Kxf4 Re7 33. h4 Rd7 34. Rxd7 Kxd7 35. b4 Kd6 36. Ke4 b6 37. a3 a5 38. c5+ bxc5 39. bxa5 Kc6 40. a6 f5+ 41. gxf5 gxf5+ 42. Kxf5 Kb6 43. Ke4 Kxa6 44. Kd3 Kb5 45. h5 Ka4 46. Kc4 Kxa3 47. Kxc5 Ka4 1/2-1/2

[Event "Goch op 27th"]
[Site "Goch"]
[Date "2016.09.04"]
[Round "6"]
[White "Wiley, Tom E"]
[Black "Kroencke, Manfred"]
[Result "1-0"]
[WhiteElo "2211"]
[BlackElo "2023"]
[PlyCount "59"]
[EventDate "2016.09.01"]
[EventType "swiss"]
[EventRounds "7"]
[EventCountry "GER"]
[SourceTitle "EXT 2018"]
[Source "ChessBase"]
[SourceDate "2017.10.13"]
[SourceVersion "1"]
[SourceVersionDate "2017.10.13"]
[SourceQuality "1"]

1. d4 d5 2. Bf4 Nf6 3. e3 c5 4. dxc5 Qa5+ 5. Nc3 a6 6. Bxb8 Rxb8 7. Qd4 e6 8. b4 Qc7 9. Nf3 b6 10. cxb6 Rxb6 11. a3 Rc6 12. Na4 Rxc2 13. Bd3 Rc1+ 14. Kd2 Rxh1 15. Rxh1 Bd6 16. Rc1 Qb8 17. Qb6 Qxb6 18. Nxb6 Bb7 19. Nd4 0-0 20. f4 g6 21. h3 e5 22. fxe5 Bxe5 23. Na4 Ne4+ 24. Ke2 Re8 25. Nf3 Bd6 26. Nc5 Nxc5 27. bxc5 Bf4 28. c6 Rxe3+ 29. Kf2 Rxf3+ 30. Kxf3 1-0

[Event "Arber op Seniors 3rd"]
[Site "Bayerisch Eisenstein"]
[Date "2015.08.02"]
[Round "2"]
[White "Kroencke, Manfred"]
[Black "Vorobyov, Yurij"]
[Result "1/2-1/2"]
[WhiteElo "1989"]
[BlackElo "2130"]
[PlyCount "86"]
[EventDate "2015.08.01"]
[EventType "swiss"]
[EventRounds "9"]
[EventCountry "GER"]
[SourceTitle "EXT 2016"]
[Source "ChessBase"]
[SourceDate "2015.10.08"]
[SourceVersion "1"]
[SourceVersionDate "2015.10.08"]
[SourceQuality "1"]

1. e4 d6 2. Nf3 Nf6 3. Nc3 e5 4. d4 Nbd7 5. Be2 Be7 6. 0-0 0-0 7. b3 c6 8. a4 a5 9. Bb2 Qc7 10. Re1 Re8 11. Bc4 h6 12. h3 Nf8 13. Bf1 Ng6 14. g3 Bd7 15. Bg2 Bf8 16. Qd2 Rad8 17. Ba3 Bc8 18. dxe5 dxe5 19. Qe3 Bxa3 20. Rxa3 Nf8 21. Raa1 Ne6 22. Rad1 Rxd1 23. Rxd1 Rd8 24. Rxd8+ Nxd8 25. Qc5 Nd7 26. Qe7 Ne6 27. Bf1 Qd8 28. Qxd8+ Nxd8 29. Nd2 Nb6 30. Nd1 Ne6 31. Ne3 Nc5 32. f3 Be6 33. h4 Nbd7 34. Kf2 Kf8 35. Be2 Ke7 36. Bf1 b6 37. Be2 g6 38. Bc4 f5 39. Bxe6 Kxe6 40. g4 f4 41. Nec4 Nb7 42. Ke2 Nd8 43. c3 Nb7 1/2-1/2

[Event "Hamburg St Pauli op-A"]
[Site "Hamburg"]
[Date "2015.07.19"]
[Round "2"]
[White "Zagema, Jan Sybren"]
[Black "Kroencke, Manfred"]
[Result "0-1"]
[WhiteElo "1880"]
[BlackElo "2031"]
[PlyCount "56"]
[EventDate "2015.07.18"]
[EventType "swiss"]
[EventRounds "9"]
[EventCountry "GER"]
[SourceTitle "EXT 2016"]
[Source "ChessBase"]
[SourceDate "2015.10.08"]
[SourceVersion "1"]
[SourceVersionDate "2015.10.08"]
[SourceQuality "1"]

1. e4 c5 2. Nc3 Nc6 3. f4 g6 4. Nf3 Bg7 5. Bb5 Nd4 6. 0-0 a6 7. Bc4 e6 8. d3 Ne7 9. Nxd4 Bxd4+ 10. Kh1 b5 11. Bb3 Bg7 12. f5 Bxc3 13. bxc3 gxf5 14. Qh5 Bb7 15. Bg5 Qc7 16. exf5 Qc6 17. Rf3 Nxf5 18. Bf6 Rf8 19. Re1 Ne7 20. Bg7 0-0-0 21. Bxf8 Rxf8 22. Re5 f5 23. Qxh7 Qd6 24. Qh6 Ng6 25. Rfe3 Nxe5 26. Rxe5 c4 27. Qe3 cxb3 28. cxb3 Rg8 0-1

[Event "Erfurt Seniors op 24th"]
[Site "Erfurt"]
[Date "2014.12.27"]
[Round "3"]
[White "Kroencke, Manfred"]
[Black "Prachar, Josef"]
[Result "1/2-1/2"]
[WhiteElo "1996"]
[BlackElo "1884"]
[PlyCount "74"]
[EventDate "2014.12.26"]
[EventType "swiss"]
[EventRounds "7"]
[EventCountry "GER"]
[SourceTitle "CBM 164 Extra"]
[Source "ChessBase"]
[SourceDate "2015.03.02"]
[SourceVersion "1"]
[SourceVersionDate "2015.03.02"]
[SourceQuality "1"]

1. e4 c5 2. Nf3 Nc6 3. Bb5 g6 4. 0-0 Bg7 5. Re1 Nf6 6. e5 Nd5 7. Nc3 Nc7 8. Bxc6 dxc6 9. d3 Ne6 10. h3 0-0 11. Ne4 b6 12. a4 a5 13. Neg5 h6 14. Nxe6 Bxe6 15. Qe2 Qd7 16. Bd2 Rfd8 17. Rad1 Qc7 18. Bc3 b5 19. b3 Rd7 20. Qe3 c4 21. Nd4 cxd3 22. Nxe6 fxe6 23. Rxd3 b4 24. Rxd7 Qxd7 25. Bd4 Qd5 26. f4 c5 27. Bxc5 Rc8 28. Bxe7 Rxc2 29. Qe4 Qxe4 30. Rxe4 Rc3 31. Bd8 Rxb3 32. Bxa5 Bf8 33. Rc4 Rb1+ 34. Kh2 Ra1 35. Bxb4 Rxa4 36. Bxf8 Rxc4 37. Bxh6 Rc3 1/2-1/2